Applied mathematics for business, economics, and the social sciences / (Record no. 205739)
[ view plain ]
| 000 -LEADER | |
|---|---|
| fixed length control field | 00794nam a2200229Ia 4500 |
| 005 - DATE AND TIME OF LATEST TRANSACTION | |
| control field | 20241021114159.0 |
| 008 - FIXED-LENGTH DATA ELEMENTS--GENERAL INFORMATION | |
| fixed length control field | 210716s2010 xx 000 0 und d |
| 020 ## - INTERNATIONAL STANDARD BOOK NUMBER | |
| International Standard Book Number | 9780070706552 |
| 040 ## - CATALOGING SOURCE | |
| Transcribing agency | AIMIT LIBRARY |
| 041 ## - LANGUAGE CODE | |
| Language code of text/sound track or separate title | eng |
| 082 ## - DEWEY DECIMAL CLASSIFICATION NUMBER | |
| Classification number | 511.2 |
| Edition number | 4 |
| Item number | BUDF |
| 100 ## - MAIN ENTRY--PERSONAL NAME | |
| Personal name | Budnick, Frank S. |
| 9 (RLIN) | 182817 |
| 245 ## - TITLE STATEMENT | |
| Title | Applied mathematics for business, economics, and the social sciences / |
| Statement of responsibility, etc. | By Frank S Budnick. |
| 250 ## - EDITION STATEMENT | |
| Edition statement | 4th ed. |
| 260 ## - PUBLICATION, DISTRIBUTION, ETC. | |
| Place of publication, distribution, etc. | New Delhi : |
| Name of publisher, distributor, etc. | Tata McGraw Hill Education Private Limited , |
| Date of publication, distribution, etc. | 2010. |
| 300 ## - PHYSICAL DESCRIPTION | |
| Extent | X,991,I-5p. ; |
| Other physical details | PB |
| Dimensions | 24.8 cm |
| 650 ## - SUBJECT ADDED ENTRY--TOPICAL TERM | |
| Topical term or geographic name entry element | Equations and functions |
| 9 (RLIN) | 182818 |
| 650 ## - SUBJECT ADDED ENTRY--TOPICAL TERM | |
| Topical term or geographic name entry element | Linear functions: applications |
| 9 (RLIN) | 182819 |
| 650 ## - SUBJECT ADDED ENTRY--TOPICAL TERM | |
| Topical term or geographic name entry element | Matrix algebra |
| 9 (RLIN) | 182820 |
| 650 ## - SUBJECT ADDED ENTRY--TOPICAL TERM | |
| Topical term or geographic name entry element | Transportation and assignment models |
| 9 (RLIN) | 182821 |
| 942 ## - ADDED ENTRY ELEMENTS (KOHA) | |
| Source of classification or shelving scheme | Dewey Decimal Classification |
| Koha item type | Book |
| Edition | 1st |
| Call number prefix | 511.2 BUDF |
| Withdrawn status | Lost status | Source of classification or shelving scheme | Damaged status | Not for loan | Collection code | Home library | Current library | Date acquired | Cost, normal purchase price | Inventory number | Total Checkouts | Full call number | Barcode | Date last seen | Cost, replacement price | Price effective from | Koha item type |
|---|---|---|---|---|---|---|---|---|---|---|---|---|---|---|---|---|---|
| Dewey Decimal Classification | MBA | St Aloysius Institute of Management & Information Technology | St Aloysius Institute of Management & Information Technology | 10/23/2010 | 525.00 | Bill no:830; Bill dt:2010-10-20 | 511.2 BUDF | MBA08305 | 05/23/2026 | 393.75 | 07/16/2021 | Book | |||||
| Dewey Decimal Classification | MBA | St Aloysius Institute of Management & Information Technology | St Aloysius Institute of Management & Information Technology | 10/23/2010 | 525.00 | Bill no:830; Bill dt:2010-10-20 | 511.2 BUDF | MBA08306 | 05/23/2026 | 393.75 | 07/16/2021 | Book | |||||
| Dewey Decimal Classification | MBA | St Aloysius Institute of Management & Information Technology | St Aloysius Institute of Management & Information Technology | 10/23/2010 | 525.00 | Bill no:830; Bill dt:2010-10-20 | 511.2 BUDF | MBA08307 | 05/23/2026 | 393.75 | 07/16/2021 | Book |